000 00307nam a2200121Ia 4500
008 220901s9999||||xx |||||||||||||| ||und||
082 _a670 ASM
100 _aASME
245 0 _aJournal of mechanical design
250 _aVol. 133 Issue No. 9,10, 11 & 12
260 _bASME
_c2011
650 _aMachine design
999 _c193856
_d193856